000 00984nam a2200277Ia 4500
003 OSt
005 20221005110948.0
006 a|||||r|||| 00| 0
007 ta
008 221004b |||||||| |||| 00| 0 hin d
020 _a9788183611459 (hbk)
_c400
024 _a17373
037 _bSP/3819, 25/03/2015, Star Publications Pvt. Ltd.
_cTextual
040 _aCRL
_cCRL
_bhin
041 _2hin
_ahin
082 _aO157,3N26,6, 152L9;P8
100 _aमहाश्वेता देवी
245 0 _aअग्निगर्भ
246 _aAgnigarbha
250 _a3 संस्करण
260 _aनई दिल्ली
_bराधाकृष्ण भारत
_c2008
300 _a226पृ0
_ccm.
650 _aबंगाली साहित्य
942 _hO157,3N26,6, 152L9;P8
_cTEXL
_2cc
999 _c1020391
_d1020391